Estadísticas para Alfabeto Griego

Haz click aquí para tomar la prueba!

Estadísticas generales

  • Esta prueba ha sido tomada 2,383 veces
  • La puntuación promedio es 14 de 24

Estadísticas de respuestas

Letra % Correcto
Alfa
100%
Beta
97%
Omega
88%
Gamma
86%
Delta
81%
Épsilon
75%
Pi
68%
Phi
55%
Ro
54%
Mu
54%
Lambda
53%
Nu
50%
Theta
48%
Zeta
47%
Eta
46%
Kappa
45%
Iota
45%
Sigma
43%
Ómicron
42%
Tau
40%
Psi
38%
Ípsilon
37%
Xi
36%
Chi
26%

Distribución de puntuación

Porcentaje por número respondido

Porcentaje de gente con cada puntuación

Historial de tus puntuaciones

No has tomado esta prueba